000 00722nam a2200289Ia 4500
005 20260324115548.0
008 008 260324s9999 xx 000 0 eng d
020 _a9781315226712
037 _aEBOOK
040 _aCRL
040 _beng
040 _cCRL
041 _2eng
041 _aeng
084 _qCRL
100 _aRonald G. Bercaw; Kurt A. Knoth; Susan T. Snedaker
_91155147
245 4 _aThe Lean Electronic Health Record
245 2 _bA Journey toward Optimized Care
260 _bTaylor and Francis
260 _c2017
365 _a
365 _b80.99
856 _uhttp://www.taylorfrancis.com/books/9781315226712
942 _cEBOOK
999 _c1746111
_d1746111